Music Quiz

Random Music Quiz
Score 0/5 Timer 03:00
0 Plays Today
% Correct
Jesse McCartney
98.2%
Chris Trousdale
76.1%
Matt Ballinger
61.9%
Greg Raposo
61.1%
Frankie Galasso
54%
Remove Ads.
Support Sporcle.
Get the best of Sporcle when you Go Orange. This ad-free experience offers more features, more stats, and more fun while also helping to support Sporcle. Thank you for becoming a member.

You're not logged in!

Compare scores with friends on all Sporcle quizzes.
OR
Log In

Show Comments

Extras

Created Sep 28, 2009ReportNominate
Tags:Dream, street

Top Quizzes Today


Score Distribution

Your Account Isn't Verified!

In order to create a playlist on Sporcle, you need to verify the email address you used during registration. Go to your Sporcle Settings to finish the process.

Report this User

Report this user for behavior that violates our Community Guidelines.

Details: